<?xml version="1.0" encoding="UTF-8"?>
<record
    xmlns:xsi="http://www.w3.org/2001/XMLSchema-instance"
    xsi:schemaLocation="http://www.loc.gov/MARC21/slim http://www.loc.gov/standards/marcxml/schema/MARC21slim.xsd"
    xmlns="http://www.loc.gov/MARC21/slim">

  <leader>00495    a2200169   4500</leader>
  <datafield tag="999" ind1=" " ind2=" ">
    <subfield code="c">26566</subfield>
    <subfield code="d">26566</subfield>
  </datafield>
  <controlfield tag="008">230615b           ||||| |||| 00| 0 eng d</controlfield>
  <datafield tag="020" ind1=" " ind2=" ">
    <subfield code="a">9789390385270</subfield>
    <subfield code="c">Rs.950.00</subfield>
  </datafield>
  <datafield tag="041" ind1="0" ind2=" ">
    <subfield code="a">eng</subfield>
  </datafield>
  <datafield tag="082" ind1="0" ind2="0">
    <subfield code="a">620.00151825</subfield>
    <subfield code="b">R3137</subfield>
  </datafield>
  <datafield tag="100" ind1=" " ind2=" ">
    <subfield code="a">Reddy, J. N.</subfield>
  </datafield>
  <datafield tag="245" ind1=" " ind2=" ">
    <subfield code="a">Introduction to The Finite Element Method /</subfield>
  </datafield>
  <datafield tag="250" ind1=" " ind2=" ">
    <subfield code="a">4th ed.</subfield>
  </datafield>
  <datafield tag="260" ind1=" " ind2=" ">
    <subfield code="a">Chennai:</subfield>
    <subfield code="b">McGraw Hill Education (India) Pvt. Ltd.,</subfield>
    <subfield code="c">2020.</subfield>
  </datafield>
  <datafield tag="300" ind1=" " ind2=" ">
    <subfield code="a">xxxiv,782 p.</subfield>
  </datafield>
  <datafield tag="650" ind1=" " ind2="0">
    <subfield code="a">Finite element method</subfield>
  </datafield>
  <datafield tag="942" ind1=" " ind2=" ">
    <subfield code="2">ddc</subfield>
    <subfield code="c">BK</subfield>
  </datafield>
  <datafield tag="952" ind1=" " ind2=" ">
    <subfield code="0">0</subfield>
    <subfield code="1">0</subfield>
    <subfield code="2">ddc</subfield>
    <subfield code="4">0</subfield>
    <subfield code="6">620_001518250000000_R3137</subfield>
    <subfield code="7">0</subfield>
    <subfield code="9">51151</subfield>
    <subfield code="a">CL</subfield>
    <subfield code="b">CL</subfield>
    <subfield code="c">REF</subfield>
    <subfield code="d">2023-06-15</subfield>
    <subfield code="e">4</subfield>
    <subfield code="g">697.68</subfield>
    <subfield code="o">620.00151825 R3137</subfield>
    <subfield code="p">13870</subfield>
    <subfield code="r">2023-06-15</subfield>
    <subfield code="v">950.00</subfield>
    <subfield code="y">BK</subfield>
  </datafield>
  <datafield tag="952" ind1=" " ind2=" ">
    <subfield code="0">0</subfield>
    <subfield code="1">0</subfield>
    <subfield code="2">ddc</subfield>
    <subfield code="4">0</subfield>
    <subfield code="6">620_001518250000000_R3137</subfield>
    <subfield code="7">0</subfield>
    <subfield code="9">51152</subfield>
    <subfield code="a">CL</subfield>
    <subfield code="b">CL</subfield>
    <subfield code="d">2023-06-15</subfield>
    <subfield code="e">4</subfield>
    <subfield code="g">697.68</subfield>
    <subfield code="o">620.00151825 R3137</subfield>
    <subfield code="p">13871</subfield>
    <subfield code="r">2023-06-15</subfield>
    <subfield code="v">950.00</subfield>
    <subfield code="y">BK</subfield>
  </datafield>
  <datafield tag="952" ind1=" " ind2=" ">
    <subfield code="0">0</subfield>
    <subfield code="1">0</subfield>
    <subfield code="2">ddc</subfield>
    <subfield code="4">0</subfield>
    <subfield code="6">620_001518250000000_R3137</subfield>
    <subfield code="7">0</subfield>
    <subfield code="9">51153</subfield>
    <subfield code="a">CL</subfield>
    <subfield code="b">CL</subfield>
    <subfield code="d">2023-06-15</subfield>
    <subfield code="e">4</subfield>
    <subfield code="g">697.68</subfield>
    <subfield code="o">620.00151825 R3137</subfield>
    <subfield code="p">13872</subfield>
    <subfield code="r">2023-06-15</subfield>
    <subfield code="v">950.00</subfield>
    <subfield code="y">BK</subfield>
  </datafield>
  <datafield tag="952" ind1=" " ind2=" ">
    <subfield code="0">0</subfield>
    <subfield code="1">0</subfield>
    <subfield code="2">ddc</subfield>
    <subfield code="4">0</subfield>
    <subfield code="6">620_001518250000000_R3137</subfield>
    <subfield code="7">0</subfield>
    <subfield code="9">51154</subfield>
    <subfield code="a">CL</subfield>
    <subfield code="b">CL</subfield>
    <subfield code="d">2023-06-15</subfield>
    <subfield code="e">4</subfield>
    <subfield code="g">697.68</subfield>
    <subfield code="o">620.00151825 R3137</subfield>
    <subfield code="p">13873</subfield>
    <subfield code="r">2023-06-15</subfield>
    <subfield code="v">950.00</subfield>
    <subfield code="y">BK</subfield>
  </datafield>
  <datafield tag="952" ind1=" " ind2=" ">
    <subfield code="0">0</subfield>
    <subfield code="1">0</subfield>
    <subfield code="2">ddc</subfield>
    <subfield code="4">0</subfield>
    <subfield code="6">620_001518250000000_R3137</subfield>
    <subfield code="7">0</subfield>
    <subfield code="9">51155</subfield>
    <subfield code="a">CL</subfield>
    <subfield code="b">CL</subfield>
    <subfield code="d">2023-06-15</subfield>
    <subfield code="e">4</subfield>
    <subfield code="g">697.68</subfield>
    <subfield code="o">620.00151825 R3137</subfield>
    <subfield code="p">13874</subfield>
    <subfield code="r">2023-06-15</subfield>
    <subfield code="v">950.00</subfield>
    <subfield code="y">BK</subfield>
  </datafield>
</record>
